000 01380nam0a2200337 4500
001 RU\NLR\BIBL_A\022618867
005 20251223111605.0
010 _a978-5-907924-12-3
_9200
021 _aRU
_bКН-П-25-042350
_9КН-П-25-4121
035 _a(NLR Aleph) 022618867
090 _a13496578
_c13496578
100 _a20250910d2024 u y0rusy50 ca
101 0 _arus
102 _aRU
105 _ac z 000gy
181 0 _ai
_bxxxe
182 0 _an
200 1 _aО бесконечном
_eсборник стихотворений
_fЛиана Романова
203 _aТекст
_bвизуальный
_cнепосредственный
210 _aВолгоград
_cПерископ-Волга
_d2024
215 _a175 с.
_cпортр.
_d22
320 _aДругие кн. авт.: с. 170
327 1 _aСодерж. гл.-циклы: Гл. 1. О бесконечном ; Гл. 2. Любовь всего сильней ; Гл. 3. Свои глаза держу на звёздах ; Гл. 4. Батальоны просят огня
333 _a16+
686 2 _aШ6(2=Р)8-5
700 1 _7ca
_8rus
_aРоманова
_bЛ. В.
_cлитератор
_gЛиана Васильевна
_9240790
_3RU\NLR\AUTH\770240846
942 _cBOOK
980 _aNB